|
|
|
|
| LEADER |
00000nab a2200000 a 4500 |
| 001 |
vtls000299356 |
| 003 |
SK-MaSNL |
| 005 |
20260302222356.0 |
| 008 |
111202c1987 xo 0 slo |
| 015 |
|
|
|a SNBRA19rr/mm-uuuuu
|
| 035 |
|
|
|a CL0309475
|
| 040 |
|
|
|a SNKBUCL
|b slo
|c SNKBUCL
|e AACR2
|
| 041 |
0 |
|
|a slo
|
| 044 |
|
|
|a xo
|c SK
|
| 080 |
|
|
|a 330.111.6:330.342.14
|2 1981
|
| 080 |
|
|
|a 330.342.14
|2 1981
|
| 100 |
1 |
|
|a Mašláni, Juraj
|4 aut
|9 677695
|
| 245 |
1 |
0 |
|a Metodologické otázky skúmania medzinárodných kapitalistických výrobných vzťahov
|c Juraj Mašláni
|
| 650 |
0 |
7 |
|a výrobné vzťahy
|2 snkbucl
|9 161270
|
| 655 |
|
7 |
|a články zo zborníkov
|2 snkbucl
|9 166140
|
| 773 |
0 |
|
|t Zborník súťažných prác Rady mladých vedeckých pracovníkov VŠE
|d Bratislava : VŠE, 1987
|
| 850 |
|
|
|a Slovenská národná knižnica v Martine
|a MTA001
|
| 852 |
|
|
|a SNK
|b KIS3GCP
|
| 958 |
|
|
|a RK
|
| 992 |
|
|
|a RZB
|
| 999 |
|
|
|c 1516421
|d 1518351
|